LEADER 01646nam0-2200409---450- 001 990008501030403321 005 20071130105537.0 035 $a000850103 035 $aFED01000850103 035 $a(Aleph)000850103FED01 035 $a000850103 100 $a20070416g19649999km-y0itay50------ba 101 0 $aita 102 $aIT 105 $ay-------001yy 200 1 $a<>regesti dell'Archivio$eAbbazia di Montecassino$fa cura di Tommaso Leccisotti 210 $aRoma$c[s.n.]$d1964-$eIsola del Liri$gM. Pisani 215 $av.$d24 cm 225 1 $aPubblicazioni degli archivi di Stato 327 0 $a1.: Aula 3.: capsule 1.-7. - 1964$a2.: Aula 3.: capsule 8.-23. - 1965$a3.: Aula 2.: capsule 1.-7., Fondo di S. Spirito del Morrone, pt. 1, sec. 11.-15. - 1966$a4.: Aula 2.: capsule 8.-12., Fondo di S. Spirito del Morrone, pt. 2.: sec. 16. - 1968$a7.: Aula 2.: capsule 28.-41. - 1972$a8.: Aula 2: capsule 42.-56. - 1973 610 0 $aPergamene$aRegesti 610 0 $aAbbazia di Montecassino$aArchivio$aRegesti 676 $a025.171 676 $a016.094$zita 702 1$aLeccisotti,$bTommaso$f<1895-1982> 710 01$aAbbazia di Montecassino$0255651 801 0$aIT$bUNINA$gRICA$2UNIMARC 901 $aBK 912 $a990008501030403321 952 $a016.094 MONT 1 (1-4, 7-8)$bST.MED.MOD.$fFLFBC 952 $a016.094 MONT 1 (1) BIS$bST.MED.MOD. 2696$fFLFBC 952 $a016.094 MONT 1 (2) BIS$bST.MED.MOD. 3711$fFLFBC 952 $a016.094 MONT 1 (3) BIS$bST.MED.MOD.$fFLFBC 952 $a016.094 MONT 1 (1-4, 7-8)$bST.MED.MOD.$fFLFBC 959 $aFLFBC 996 $aRegesti dell'Archivio$9731604 997 $aUNINA LEADER 01320cam--2200421---450- 001 990001209220203316 005 20101117084405.0 010 $a978-88-16-40826-5 035 $a000120922 035 $aUSA01000120922 035 $a(ALEPH)000120922USA01 035 $a000120922 100 $a20031021d2008----km-y0itay50------ba 101 0 $aita 102 $aIT 105 $ay|||z|||001yy 200 1 $aAl servizio dell'uomo e della terra: Giovanni Haussmann$e1906-1980$fErcole Ongaro$gintroduzione di Luigi Cavazza 210 $aMilano$cJaca book$d2008 215 $a254 p.$d23 cm 225 2 $aDi fronte e attraverso$v826 225 2 $aTerra terra 410 0$12001$aDi fronte e attraverso 410 0$12001$aTerra terra 600 1$aHaussmann,$bGiovanni$2BNCF 676 $a630.92 700 1$aONGARO,$bErcole$0133871 702 1$aCAVAZZA,$bLuigi 801 0$aIT$bsalbc$gISBD 912 $a990001209220203316 951 $aII.6. 1023$b210517 L.M.$cII.6.$d00229723 959 $aBK 969 $aUMA 979 $aALINA$b10$c20031021$lUSA01$h1236 979 $aPATRY$b90$c20040406$lUSA01$h1726 979 $aANNAMARIA$b90$c20091029$lUSA01$h1248 979 $aANNAMARIA$b90$c20101117$lUSA01$h0844 996 $aAl servizio dell'uomo e della terra: Giovanni Haussmann$9985803 997 $aUNISA